League of Legends - Champions Ixtal - Statistiques

Statistiques générales
  • Ce quiz a été pris 106 fois
  • Le résultat moyen est 5 sur 9
Statistiques - réponses
Réponse % Correct
Qiyana
89%
Nidalee
80%
Neeko
79%
Rengar
70%
Milio
56%
Malphite
41%
Zyra
36%
Kha'Zix
34%
Twisted Fate
5%
Aucun quiz correspondant
Distribution des résultats
% des personnes avec chaque résultat
Percentile par nombre de réponses
Votre historique - résultats
Vous n’avez pas pris ce quiz